00775nam a22002057a 450000500170000001000150001702000260003203500130005803700130007124501350008426000350021927000670025430000240032150000190034570000210036470000210038594200170040699900170042395201290044020130619153405.0 aENG-107674 a9789381904664c395.00 aEN-91207 bDBAD/PUB aStrategy in the second nuclear age :cedited by Toshi Yoshihara [and] James R. Holmesbpower, ambition, and the ultimate weapon /  aNew DelhibKW Publishersc2013 a4676/2, First Floor, Ansari Road, DaryaganjbNew Delhie110002 avi,250p.c23cm(pbk) aincludes index aYoshihara, Toshi aHolmes, James R. 2ddccENmSTR c76765d76765 001040718NFICaDBADbDBADd2013-06-19eDBAD/PUBg395.00l0oSTRpEN-91207r2013-06-19 00:00:00t1v395.00w2013-06-19yEN